Normal view
MARC view
- Aʻvān, Muḥammad Āṣif,
Entry Personal Name
001 - CONTROL NUMBER
- control field: 5593
003 - CONTROL NUMBER IDENTIFIER
- control field: NUST
005 - DATE AND TIME OF LATEST TRANSACTION
- control field: 20171024124600.0
008 - FIXED-LENGTH DATA ELEMENTS
- fixed length control field: 171024|| aca||aabn | a|a d
040 ## - CATALOGING SOURCE
- Original cataloging agency: NUST
- Transcribing agency: NUST
100 ## - HEADING--PERSONAL NAME
- Personal name: Aʻvān, Muḥammad Āṣif,
- Dates associated with a name: 1963-
670 ## - SOURCE DATA FOUND
- Source citation: Work cat.: (NUST)0: Aʻvān, Muḥammad Āṣif, 1963-, Iqbāl kā pahlā k̲h̲ut̤bah ʻilm aur maz̲habī tajribah :, 2008.
